Statistics for BRAND NAMES

Click here to take the quiz!

General Stats

  • This quiz has been taken 238 times
  • The average score is 10 of 15

Answer Stats

Answer% Correct
facebook
99%
amazon
96%
Tesla
88%
ikea
87%
nintendo
79%
skype
79%
Best Buy
77%
Louis Vuitton
77%
new balance
69%
internet explorer
58%
Air Jordan
56%
Kraft
44%
Lululemon
30%
chiquita
18%
dunkin dounuts
10%

Score Distribution

Percentile by Number Answered

Percent of People with Each Score

Your Score History

You have not taken this quiz